000 00780nam a2200253Ia 4500
999 _c64788
_d64788
003 GCL
005 20240530110751.0
008 140319s9999 xx 000 0 ara d
040 _aGCL /
_cGCL
082 0 4 _a640 \
_bد ك
110 0 _aدار الراتب الجامعية
245 1 0 _aكيف تحافظين على صحتك وسلامة جسمك /
_cدار الراتب
260 _a[S.N] :
_bدار الراتب الجامعية
490 _aعالم المرأه
_v0
650 0 4 _aالاقتصاد المنزلى
650 0 4 _aشغل الابرة
650 0 4 _aالاغذية
650 0 4 _aالتعليم النسوى
650 0 4 _aالحلوى
650 0 4 _aتجميل المرأه
650 0 4 _aالطهى
700 1 _aهالة عمر
942 _2ddc
_cBK